书目信息 |
| 题名: |
现代电气测量技术
|
|
| 作者: | 吕景泉 主编 | |
| 分册: | ||
| 出版信息: | 天津 天津大学出版社 2008.01 |
|
| 页数: | 276页 | |
| 开本: | 24cm | |
| 丛书名: | 卓越系列·21世纪高职高专精品规划教材 | |
| 单 册: | ||
| 中图分类: | TM93 | |
| 科图分类: | ||
| 主题词: | 电气测量--dian qi ce liang--高等教育--教材 | |
| 电子资源: | ||
| ISBN: | 978-7-5618-2576-1 | |
| 000 | 01235nam 2200289 450 | |
| 001 | 012008672687 | |
| 005 | 20081218090602.43 | |
| 010 | @a978-7-5618-2576-1@dCNY28.00 | |
| 100 | @a20081218d2008 em y0chiy0120 ea | |
| 101 | 0 | @achi |
| 102 | @aCN@b120000 | |
| 105 | @aa a 000yy | |
| 106 | @ar | |
| 200 | 1 | @a现代电气测量技术@Axian dai dian qi ce liang ji shu@d= Modern electric measurement technology@f吕景泉主编@Flu jing quan zhu bian@zeng |
| 210 | @a天津@c天津大学出版社@d2008.01 | |
| 215 | @a276页@c图@d24cm | |
| 225 | 2 | @a卓越系列·21世纪高职高专精品规划教材@Azhuo yue xi lie·21 shi ji gao zhi gao zhuan jing pin gui hua jiao cai |
| 300 | @a自动化技术类专业适用 | |
| 320 | @a有书目 | |
| 330 | @a本书共7章。前3章分别介绍了电气测量基本知识、基本电量测量与应用以及电路参数测量等方面的内容;第4章到第6章用较多的篇幅叙述了关于数据采集技术、智能测试仪器和虚拟仪器技术等方面的基础知识;第7章介绍传感器的基本原理。 | |
| 410 | 0 | @12001 @a卓越系列·21世纪高职高专精品规划教材 |
| 510 | 1 | @aModern electric measurement technology@zeng |
| 606 | 0 | @a电气测量@Adian qi ce liang@x高等教育@j教材 |
| 690 | @aTM93@v4 | |
| 701 | 0 | @a吕景泉@Alu jing quan@4主编 |
| 801 | 0 | @aCN@bQSSK@c20081218 |
| 905 | @b735533-35@dTM93@eL891@f3 | |
| 现代电气测量技术= Modern electric measurement technology/吕景泉主编.-天津:天津大学出版社,2008.01 |
| 276页:图;24cm.-(卓越系列·21世纪高职高专精品规划教材) |
| 自动化技术类专业适用 |
| ISBN 978-7-5618-2576-1:CNY28.00 |
| 本书共7章。前3章分别介绍了电气测量基本知识、基本电量测量与应用以及电路参数测量等方面的内容;第4章到第6章用较多的篇幅叙述了关于数据采集技术、智能测试仪器和虚拟仪器技术等方面的基础知识;第7章介绍传感器的基本原理。 |
| ● |
| 相关链接 |
|
|
|
正题名:现代电气测量技术
索取号:TM93/L891
 
预约/预借
| 序号 | 登录号 | 条形码 | 馆藏地/架位号 | 状态 | 备注 |
| 1 | 735533 | 207355333 | 自科库301/301自科库 22排2列1层/ [索取号:TM93/L891] | 在馆 | |
| 2 | 735534 | 207355342 | 自科二线404/301自科库 15排2列5层/ [索取号:TM93/L891] | 在馆 | |
| 3 | 735535 | 207355351 | 自科库301/301自科库 22排2列1层/ [索取号:TM93/L891] | 在馆 |